Una nota breve (muy breve) sobre el comercio internacional y los tipos de cambio (Registro nro. 31285)
[ vista simple ]
| 000 -LEADER | |
|---|---|
| fixed length control field | 00393 a2200109 4500 |
| 001 - CONTROL NUMBER | |
| control field | ART_49634 |
| 005 - DATE AND TIME OF LATEST TRANSACTION | |
| control field | 20260410162001.0 |
| 008 - FIXED-LENGTH DATA ELEMENTS--GENERAL INFORMATION | |
| fixed length control field | 260409a |
| 100 1# - MAIN ENTRY--PERSONAL NAME | |
| Personal name | Jacobo, Alejandro D. |
| 245 10 - TITLE STATEMENT | |
| Title | Una nota breve (muy breve) sobre el comercio internacional y los tipos de cambio |
| 773 0# - HOST ITEM ENTRY | |
| Title | Boletín de lecturas sociales y económicas |
| Related parts | - Año 7, Nº 34 (nov. 2000) |
| Record control number | REV28746 |
No hay ítems disponibles.